000 00297nam a2200133 i 4500
001 bg
100 1 _aKUNYSZ, K.
245 0 _aElementy teorii informacji /
_cK. Kunysz.
260 _aRzeszów,
_c1990.
040 _cBPK
041 _apol
942 _cKS
008 s pl f |000 0 pol
999 _c4521
_d4521
856 _uhttp://koha.tu.koszalin.pl/cgi-bin/koha/opac-detail.pl?biblionumber=4521
_yKatalog online BPK